[Event "Barcelona Rubi op-A 5th"]
[Site "Barcelona"]
[Date "2004.04.??"]
[Round "1"]
[White "Humphrey Ventura, Bruce"]
[Black "Duran Montero, Manuel"]
[Result "1/2-1/2"]
[WhiteElo "1980"]
[BlackElo "2150"]
[PlyCount "61"]
[EventDate "2004.04.25"]
[EventType "swiss"]
[EventRounds "9"]
[EventCountry "ESP"]
[SourceTitle "EXT 2007"]
[Source "ChessBase"]
[SourceDate "2006.11.23"]
[SourceVersion "1"]
[SourceVersionDate "2006.11.23"]
[SourceQuality "1"]

1. e4 c5 2. Nf3 d6 3. d4 cxd4 4. Nxd4 Nf6 5. Nc3 a6 6. Bc4 g6 7. Be3 Bg7 8. f3 0-0 9. Qd2 Nc6 10. 0-0-0 Nxd4 11. Bxd4 b5 12. Bb3 Rb8 13. Nd5 Nxd5 14. Bxg7 Kxg7 15. Bxd5 a5 16. a3 Qc7 17. Kb1 b4 18. a4 Be6 19. Bxe6 fxe6 20. b3 Rbc8 21. h4 h6 22. h5 g5 23. Qd3 Qc3 24. Qxc3+ Rxc3 25. Rd3 Rfc8 26. Rxc3 Rxc3 27. Kc1 Kf6 28. Kd2 Ke5 29. Rh3 Kf4 30. g4 d5 31. exd5 1/2-1/2

[Event "Barcelona Rubi op 4th"]
[Site "Barcelona"]
[Date "2003.05.10"]
[Round "3"]
[White "Cortes Ventura, Joaquim"]
[Black "Duran Montero, Manuel"]
[Result "0-1"]
[WhiteElo "2110"]
[BlackElo "2190"]
[PlyCount "70"]
[EventDate "2003.04.26"]
[EventType "swiss"]
[EventRounds "7"]
[EventCountry "ESP"]
[SourceTitle "EXT 2004"]
[Source "ChessBase"]
[SourceDate "2003.11.25"]
[SourceVersion "1"]
[SourceVersionDate "2003.11.25"]
[SourceQuality "1"]

1. d4 Nf6 2. Nf3 g6 3. c4 Bg7 4. g3 0-0 5. Bg2 d6 6. 0-0 Nc6 7. d5 Na5 8. Qa4 c5 9. Bd2 b6 10. Bc3 Bd7 11. Qc2 b5 12. Nbd2 Nxc4 13. Nxc4 bxc4 14. Nd2 Bb5 15. e4 Ng4 16. Bxg7 Kxg7 17. Qc3+ f6 18. f4 Rb8 19. h3 Nh6 20. Rf2 Nf7 21. Bf1 Qb6 22. Bxc4 Bd7 23. e5 Bxh3 24. exf6+ exf6 25. Ne4 Nh6 26. Ng5 Bf5 27. Re1 Rfe8 28. Rfe2 Rxe2 29. Rxe2 Ng8 30. Ne6+ Kf7 31. a3 h5 32. Kg2 Nh6 33. Bd3 Bxd3 34. Qxd3 Nf5 35. Rd2 Qb3 0-1

[Event "Barcelona Rubi op 4th"]
[Site "Barcelona"]
[Date "2003.??.??"]
[Round "2"]
[White "Duran Montero, Manuel"]
[Black "Gironella Perello, Lluis"]
[Result "0-1"]
[WhiteElo "2190"]
[BlackElo "2095"]
[PlyCount "57"]
[EventDate "2003.04.26"]
[EventType "swiss"]
[EventRounds "7"]
[EventCountry "ESP"]
[SourceTitle "EXT 2004"]
[Source "ChessBase"]
[SourceDate "2003.11.25"]
[SourceVersion "1"]
[SourceVersionDate "2003.11.25"]
[SourceQuality "1"]

1. e4 c5 2. c3 d5 3. exd5 Qxd5 4. d4 Nf6 5. Nf3 e6 6. Be2 Nc6 7. 0-0 cxd4 8. cxd4 Be7 9. Nc3 Qd8 10. Bg5 0-0 11. Rc1 Nd5 12. Bxe7 Ncxe7 13. Bd3 b6 14. Ng5 h6 15. Bh7+ Kh8 16. Bb1 Bb7 17. Nf3 Rc8 18. Qd3 g6 19. Qd2 Kg7 20. Ne5 Nxc3 21. bxc3 Nf5 22. f3 Qg5 23. Qxg5 hxg5 24. Rfe1 Nd6 25. c4 Rfd8 26. Red1 Nf5 27. Bxf5 gxf5 28. g4 fxg4 29. Nxg4 0-1

[Event "Barcelona Rubi op 4th"]
[Site "Barcelona"]
[Date "2003.??.??"]
[Round "1"]
[White "Torrecillas Gonzalez, Antonio"]
[Black "Duran Montero, Manuel"]
[Result "1/2-1/2"]
[WhiteElo "2060"]
[BlackElo "2190"]
[PlyCount "122"]
[EventDate "2003.04.26"]
[EventType "swiss"]
[EventRounds "7"]
[EventCountry "ESP"]
[SourceTitle "EXT 2004"]
[Source "ChessBase"]
[SourceDate "2003.11.25"]
[SourceVersion "1"]
[SourceVersionDate "2003.11.25"]
[SourceQuality "1"]

1. e4 c6 2. d4 d5 3. e5 Bf5 4. Nc3 e6 5. g4 Bg6 6. Nge2 c5 7. h4 cxd4 8. Qxd4 Nc6 9. Qa4 f6 10. Bf4 Qd7 11. h5 Bf7 12. exf6 gxf6 13. g5 e5 14. Bh3 f5 15. 0-0-0 exf4 16. Nxf4 0-0-0 17. Nfxd5 Bd6 18. Nb5 Kb8 19. Ne3 Qe6 20. Nxd6 Rxd6 21. Rxd6 Qxd6 22. Bxf5 Nge7 23. Bg4 Qe5 24. Rd1 Qxg5 25. f4 Qc5 26. Rd3 Rg8 27. f5 Nd5 28. Nxd5 Bxd5 29. f6 Ka8 30. Qf4 Nb4 31. Rd2 Qxc2+ 32. Rxc2 Nd3+ 33. Kd2 Nxf4 34. Ke3 Ng2+ 35. Kd4 Rxg4+ 36. Kxd5 Ne3+ 37. Ke5 Nc4+ 38. Ke6 Rf4 39. f7 Nb6 40. Ke7 Re4+ 41. Kf8 Rf4 42. Re2 Kb8 43. Kg7 Nd7 44. Re8+ Kc7 45. f8Q Nxf8 46. Rxf8 Rg4+ 47. Kxh7 Rg2 48. b3 Rxa2 49. h6 Kc6 50. Rf6+ Kc5 51. Kg7 Rh2 52. h7 Rxh7+ 53. Kxh7 Kb4 54. Rf7 b5 55. Rxa7 Kxb3 56. Kg6 b4 57. Kf5 Kc2 58. Rc7+ Kd2 59. Rb7 Kc3 60. Ke4 b3 61. Rc7+ Kd2 1/2-1/2

[Event "Barcelona Rubi op 3rd"]
[Site "Barcelona"]
[Date "2002.??.??"]
[Round "?"]
[White "Colom Andres, Xavier"]
[Black "Duran Montero, Manuel"]
[Result "0-1"]
[WhiteElo "2019"]
[BlackElo "2176"]
[PlyCount "52"]
[EventDate "2002.04.27"]
[EventType "swiss"]
[EventRounds "9"]
[EventCountry "ESP"]
[SourceTitle "EXT 2003"]
[Source "ChessBase"]
[SourceDate "2002.11.25"]
[SourceVersion "1"]
[SourceVersionDate "2002.11.25"]
[SourceQuality "1"]

1. d4 g6 2. c4 Nf6 3. Nc3 Bg7 4. e4 d6 5. Nf3 0-0 6. Be2 e5 7. 0-0 Nc6 8. d5 Ne7 9. b4 Nh5 10. Re1 f5 11. Nd2 Nf6 12. c5 f4 13. f3 g5 14. cxd6 cxd6 15. Nc4 Ng6 16. b5 Rf7 17. Ba3 Bf8 18. Rc1 h5 19. Bf1 g4 20. Qb3 Rg7 21. Nd1 Nh4 22. Nd2 Qb6+ 23. Kh1 gxf3 24. Nxf3 Nxf3 25. Qxf3 Bg4 26. Qf2 Bxd1 0-1